Statistiques concernant Quizlendrier de l'Avent #24 - Paroles - Petit Garçon

Cliquez ici pour prendre le quiz!

Statistiques générales

  • Ce quiz a été pris 101 fois
    (100 depuis la dernière actualisation)
  • Le résultat moyen est 109 sur 133

Statistiques - réponses

Paroles% Correct
petit
100%
Petit
100%
garçon
99%
l'
98%
d'
97%
le
97%
est
91%
Tu
91%
tu
91%
il
90%
Il
90%
se
90%
la
88%
et
87%
Et
87%
aller
85%
coucher
85%
Dans
85%
dans
85%
les
85%
tes
85%
Tes
85%
heure
84%
as
82%
yeux
79%
rêvé
78%
Tous
76%
un
76%
jouets
75%
Tout
75%
dont
74%
trouveras
74%
chaussons
73%
Demain
73%
étoiles
73%
voilent
73%
matin
72%
Entends-
70%
clochettes
68%
calme
66%
son
66%
par
65%
reposé
65%
cheminée
64%
Écoute
64%
blanc
61%
rouge
60%
tintinnabuler?
60%
traineau
60%
descendra
59%
manteau
59%
Sur
58%
vent
58%
porté
55%
maintenant,
47%
Mmhmm
20%

Distribution des résultats

Percentile par nombre de réponses

% des personnes avec chaque résultat

Votre développement - résultats

Vous n’avez pas pris ce quiz depuis la dernière actualisation